000 00447nam a22001577a 4500
003 OSt
005 20240403164429.0
008 240403b |||||||| |||| 00| 0 eng d
040 _cCentral Library MRSPTU
100 _aDr. Shyam Sunder Deepti
245 _aDawayian Noon Haar (ਦਵਾਈਆਂ ਨੂੰ ਹਾਰ)
_bA Book on Health
250 _a6th
260 _aPunjab
_bTarksheel Society Punjab
_c2010
300 _a152
942 _2ddc
_cBK
_n0
999 _c9983
_d9983